| 000 | 00892nam a2200265Ia 4500 | ||
|---|---|---|---|
| 003 | OSt | ||
| 005 | 20220923211506.0 | ||
| 006 | a|||||r|||| 00| 0 | ||
| 007 | ta | ||
| 008 | 220922b |||||||| |||| 00| 0 pan d | ||
| 020 |
_a9789352311064 (hbk) _c180 |
||
| 024 | _a328,969 | ||
| 037 |
_b1012, 25/01/2018, H.K. Prakashan _cTextual |
||
| 040 |
_aARTS _cARTS _bpan |
||
| 041 |
_2pan _apan |
||
| 082 | _aO168,3NAL,TA, 153Q6 | ||
| 100 | _aਅਲੀ, ਖ਼ਰਗ਼ੰਦ, ਂਚ. | ||
| 245 | 0 | _aਤਾਈ | |
| 260 |
_aਪਟਿਆਲਾ _b ਸੰਗਮ ਪਬਲੀਕੇFਨੂਗ਼ _c2016 |
||
| 300 |
_a127ਪ0 _ccm. |
||
| 650 |
_a ਉਰਦੂ ਕਾਵਿ _9157562 |
||
| 650 | _aਉਰਦੂ ਸਾਹਿਤ | ||
| 942 |
_hO168,3NAL,TA, 153Q6 _cTEXL _2CC |
||
| 999 |
_c300104 _d300104 |
||